[Event "Stuttgart-chB int"]
[Site "Ditzingen"]
[Date "2013.05.12"]
[Round "7"]
[White "Winkler, Alex"]
[Black "Zaytsev, Evgeny"]
[Result "0-1"]
[WhiteElo "1590"]
[BlackElo "1733"]
[PlyCount "108"]
[EventDate "2013.05.09"]
[EventType "swiss"]
[EventRounds "7"]
[EventCountry "GER"]
[SourceTitle "EXT 2014"]
[Source "ChessBase"]
[SourceDate "2013.11.20"]
[SourceVersion "1"]
[SourceVersionDate "2013.11.20"]
[SourceQuality "1"]

1. e4 e5 2. Nf3 Nc6 3. Bb5 a6 4. Ba4 Nf6 5. d3 d6 6. Nc3 Be7 7. Be3 b5 8. Bb3 0-0 9. 0-0 Na5 10. Qd2 Nxb3 11. axb3 Bg4 12. Nh4 Nxe4 13. dxe4 Bxh4 14. f3 Be6 15. g3 Be7 16. Nd5 f5 17. Nxe7+ Qxe7 18. exf5 Bxf5 19. Rf2 Qe8 20. Rd1 Be6 21. f4 e4 22. Qd4 Qc6 23. Kg2 Rf5 24. Rfd2 Re8 25. Kg1 Rc5 26. Rc1 Bxb3 27. Qb4 Rxc2 28. Qxb3+ Rc4 29. Rdc2 d5 30. Rxc4 bxc4 31. Qc3 h5 32. Kg2 Rb8 33. Qe5 h4 34. Bd4 Qd7 35. Qh5 c5 36. Be5 Rb3 37. Qxh4 d4 38. Rc2 d3 39. Rc1 e3 40. Qh5 e2 41. Bc3 Rxc3 42. bxc3 d2 43. Rb1 d1Q 44. Rb8+ Qd8 45. Rxd8+ Qxd8 46. Qxe2 Qd5+ 47. Kh3 Kf8 48. Qg4 Kf7 49. Qc8 Qe6+ 50. Qxe6+ Kxe6 51. Kh4 a5 52. Kg5 Kf7 53. h4 a4 54. h5 a3 0-1

[Event "Stuttgart-chB int"]
[Site "Ditzingen"]
[Date "2013.05.11"]
[Round "6"]
[White "Nagel, Armin"]
[Black "Winkler, Alex"]
[Result "0-1"]
[WhiteElo "1600"]
[BlackElo "1590"]
[PlyCount "66"]
[EventDate "2013.05.09"]
[EventType "swiss"]
[EventRounds "7"]
[EventCountry "GER"]
[SourceTitle "EXT 2014"]
[Source "ChessBase"]
[SourceDate "2013.11.20"]
[SourceVersion "1"]
[SourceVersionDate "2013.11.20"]
[SourceQuality "1"]

1. d4 d5 2. Nc3 Nf6 3. Bg5 Nc6 4. e3 Bf5 5. Nf3 e6 6. Bb5 Bb4 7. 0-0 0-0 8. Bd3 Re8 9. Bxf5 exf5 10. Qd3 Bxc3 11. Qxc3 Ne4 12. Qxc6 bxc6 13. Bxd8 Raxd8 14. Ne5 Rd6 15. c4 Rh6 16. c5 Nxc5 17. Nxf7 Kxf7 18. dxc5 g5 19. Rfe1 Re4 20. g3 Rhe6 21. Rac1 f4 22. Kf1 fxe3 23. fxe3 Rxe3 24. Rxe3 Rxe3 25. Kf2 Re4 26. Kf3 g4+ 27. Kf2 Ke6 28. b3 d4 29. Rd1 Kd5 30. b4 Kc4 31. a3 d3 32. Rd2 Kc3 33. Ra2 d2 0-1

[Event "Stuttgart-chB int"]
[Site "Ditzingen"]
[Date "2010.05.15"]
[Round "6"]
[White "Sievers, Gerda"]
[Black "Winkler, Alex"]
[Result "0-1"]
[WhiteElo "1206"]
[BlackElo "1347"]
[PlyCount "97"]
[EventDate "2010.05.13"]
[EventType "swiss"]
[EventRounds "7"]
[EventCountry "GER"]
[SourceTitle "EXT 2018"]
[Source "ChessBase"]
[SourceDate "2017.10.13"]
[SourceVersion "1"]
[SourceVersionDate "2017.10.13"]
[SourceQuality "1"]

1. e4 e5 2. Nf3 Nc6 3. Bb5 Nf6 4. Qe2 Bc5 5. 0-0 d6 6. c3 0-0 7. b4 Bb6 8. h3 Be6 9. Ba4 Qd7 10. Ng5 h6 11. Nxe6 fxe6 12. Qe1 Qf7 13. d3 Nh5 14. Kh1 Bxf2 15. Rxf2 Qxf2 16. Qxf2 Rxf2 17. Be3 Ng3+ 18. Kh2 Nf1+ 19. Kg1 Re2 20. Kxf1 Rxe3 21. Bb3 Rf8+ 22. Kg1 Rf6 23. Nd2 Rxd3 24. Nf3 Rxc3 25. b5 Nd4 26. Nxd4 exd4 27. Rd1 d3 28. Rd2 Kf7 29. Bd1 Rf4 30. Bf3 c5 31. bxc6 bxc6 32. Kh2 c5 33. Kg3 e5 34. h4 c4 35. Rb2 Rc2 36. Rb7+ Kg8 37. Rxa7 d2 38. h5 Rxf3+ 39. gxf3 d1Q 40. Kg4 Rg2+ 41. Kf5 Qxf3+ 42. Ke6 Qf6+ 43. Kd5 c3 44. a4 c2 45. Rc7 Rd2+ 46. Kc6 c1R+ 47. Kb7 Rb2+ 48. Kc8 Rxc7+ 49. Kxc7 0-1

[Event "Stuttgart-chB int"]
[Site "Ditzingen"]
[Date "2010.05.15"]
[Round "5"]
[White "Winkler, Alex"]
[Black "Awiszus, Thomas"]
[Result "0-1"]
[WhiteElo "1347"]
[BlackElo "1543"]
[PlyCount "54"]
[EventDate "2010.05.13"]
[EventType "swiss"]
[EventRounds "7"]
[EventCountry "GER"]
[SourceTitle "EXT 2018"]
[Source "ChessBase"]
[SourceDate "2017.10.13"]
[SourceVersion "1"]
[SourceVersionDate "2017.10.13"]
[SourceQuality "1"]

1. e4 e6 2. d4 c5 3. Nf3 cxd4 4. Nxd4 Nf6 5. Bg5 Be7 6. Nc3 Nc6 7. Bb5 Qb6 8. Be3 Qc7 9. 0-0 a6 10. Ba4 b5 11. Bb3 b4 12. Na4 Nxe4 13. Qg4 Nf6 14. Qxg7 Rg8 15. Qh6 Bb7 16. f3 0-0-0 17. Nxc6 Bxc6 18. Bb6 Qb8 19. Bxd8 Kxd8 20. Qe3 Ke8 21. Nc5 Qa7 22. Kh1 Bxc5 23. Qf4 Be7 24. Rad1 Rg6 25. Rd4 Qc5 26. Rfd1 e5 27. Rxd7 exf4 0-1

[Event "Stuttgart-chB int"]
[Site "Ditzingen"]
[Date "2010.05.14"]
[Round "3"]
[White "Winkler, Alex"]
[Black "Wendland, Tobias"]
[Result "0-1"]
[WhiteElo "1347"]
[BlackElo "1630"]
[PlyCount "32"]
[EventDate "2010.05.13"]
[EventType "swiss"]
[EventRounds "7"]
[EventCountry "GER"]
[SourceTitle "EXT 2018"]
[Source "ChessBase"]
[SourceDate "2017.10.13"]
[SourceVersion "1"]
[SourceVersionDate "2017.10.13"]
[SourceQuality "1"]

1. e4 e6 2. d4 d5 3. exd5 exd5 4. Nc3 Nf6 5. Bg5 c6 6. Bd3 Bd6 7. Nf3 Bg4 8. h3 Bh5 9. g4 Bg6 10. Ne5 0-0 11. Bxg6 fxg6 12. Qd2 Nbd7 13. f4 Qa5 14. Nxd7 Nxd7 15. 0-0-0 h6 16. Bh4 Bxf4 0-1